Southville International School and Colleges
Your cart is empty.
  • Cart
  • Lists
    Public lists list_1 View all
    Your lists Log in to create your own lists
  • Log in to your account
  • Your cookies
  • Search history
Southville International School and Colleges
  • Advanced search
  • Recent comments
  • Most popular
  • Libraries

Log in to your account

Log in with GOOGLE


If you do not have an external account, but do have a local account, you can still log in:

  1. Home
  2. MARC view: Frogs and the snake (The).
Normal view MARC view ISBD view

Frogs and the snake (The). (Record no. 111329)

[ view plain ]
MARC details
000 -LEADER
fixed length control field 00381nam a2200157 a 4500
001 - CONTROL NUMBER
control field 3189
005 - DATE AND TIME OF LATEST TRANSACTION
control field 20140414131913.0
008 - FIXED-LENGTH DATA ELEMENTS--GENERAL INFORMATION
fixed length control field 060202s19uu xx 00 eng d
020 ## - INTERNATIONAL STANDARD BOOK NUMBER
International Standard Book Number 983-063-915-0
050 ## - LIBRARY OF CONGRESS CALL NUMBER
Classification number ER
Item number F84
245 ## - TITLE STATEMENT
Title Frogs and the snake (The).
260 ## - PUBLICATION, DISTRIBUTION, ETC. (IMPRINT)
Name of publisher, distributor, etc Rhythm.
Place of publication, distribution, etc Malaysia :
300 ## - PHYSICAL DESCRIPTION
Extent 24 p. : ill. ; cm.
650 ## - SUBJECT ADDED ENTRY--TOPICAL TERM
Topical term or geographic name as entry element Animals
General subdivision Fiction.
Holdings
Withdrawn status Lost status Damaged status Use restrictions Home library Current library Shelving location Date acquired Source of acquisition Total Checkouts Full call number Barcode Date last seen Price effective from Koha item type
        Munich Library Munich Library Easy Reading Section 02/02/2006     ER F84 M2005 04/14/2014 04/14/2014 Books

Frogs and the snake (The).

APA

Frogs and the snake (The). Malaysia: Rhythm.

Chicago

Frogs and the snake (The). Malaysia: Rhythm.

Harvard

Frogs and the snake (The). Malaysia: Rhythm.

MLA

Malaysia: Rhythm. .

  • Place hold
  • Print
  • Cite
  • Add to your cart (remove)
  • Save record
    BIBTEX Dublin Core MARCXML MARC (non-Unicode/MARC-8) MARC (Unicode/UTF-8) MARC (Unicode/UTF-8, Standard) MODS (XML) RIS
  • More searches
    Search for this title in:
    Other Libraries (WorldCat) Other Databases (Google Scholar) Online Stores (Bookfinder.com) Open Library (openlibrary.org)

Exporting to Dublin Core...

SOUTHVILLE LIBRARY

Southville International School and Colleges Library

1281 Tropical Ave. Cor. Luxembourg St., BF Homes International, Las Pinas City

Tel. No. 8256374 / 252358 Loc. 117/146

Powered by Koha